<?xml version="1.0" encoding="UTF-8"?>
<marc:record xmlns:marc="http://www.loc.gov/MARC21/slim">
   <marc:leader>00000nam a2200000 a 4500</marc:leader>
   <marc:datafield ind1="1" ind2=" " tag="100">
      <marc:subfield code="a">Haynes, Elizabeth</marc:subfield>
      <marc:subfield code="4">aut</marc:subfield>
      <marc:subfield code="e">Verfasser/-in</marc:subfield>
   </marc:datafield>
   <marc:datafield ind1="0" ind2="0" tag="245">
      <marc:subfield code="a">Atemnot</marc:subfield>
   </marc:datafield>
   <marc:datafield ind1="0" ind2="0" tag="245">
      <marc:subfield code="b">Thriller</marc:subfield>
   </marc:datafield>
   <marc:datafield ind1=" " ind2="1" tag="264">
      <marc:subfield code="b">BV Berlin Verlag GmbH</marc:subfield>
      <marc:subfield code="c">2014</marc:subfield>
   </marc:datafield>
   <marc:datafield ind1="1" ind2=" " tag="520">
      <marc:subfield code="a">Es ist ein klarer Herbstmorgen in dem kleinen englischen Dorf, als die Polizei zu einem grausamen Tatort gerufen wird: Eine junge Frau wurde tot aufgefunden, ihr Haus voller Blut. Fast zur gleichen Zeit wird die Leiche ihrer Nachbarin entdeckt: offensichtlich Selbstmord. Das kann kein Zufall sein, denkt sich Louisa Smith, die gerade zum Detective Chief Inspector befördert wurde. Als sie mit den Ermittlungen beginnt, setzt sich langsam ein faszinierendes Puzzle zusammen: Das halbe Dorf scheint ein großes Geheimnis zu hüten. Ein erotisches, dunkles, gefährliches Geheimnis, und niemand weiß, ob der Täter nochmal zuschlagen wird...</marc:subfield>
   </marc:datafield>
   <marc:datafield ind1=" " ind2=" " tag="020">
      <marc:subfield code="a">9783833309564</marc:subfield>
      <marc:subfield code="9">9783833309564</marc:subfield>
   </marc:datafield>
</marc:record>
